| 000 | 00434nam a2200181Ia 4500 | ||
|---|---|---|---|
| 001 | 13021 | ||
| 005 | 20260306163023.0 | ||
| 008 | 260306t1988||||xx |||||||||||||| ||spa|| | ||
| 041 | _aESP | ||
| 082 |
_aRD 657.03 _bP23 |
||
| 100 |
_aPanez Meza, Julio _eAUT |
||
| 245 | 0 |
_aDiccionario contabilidad economÃa finanzas: _bA-C |
|
| 260 | _c1988 | ||
| 300 |
_a _c20 cm. |
||
| 650 | _aGEN | ||
| 654 | _aCCO | ||
| 942 |
_cDIC _dJUS _fJUS _2ddc _n |
||
| 999 |
_c13021 _d13021 |
||